Extreme order-of-magnitude estimating (Record no. 72579)
[ view plain ]
| 000 -LEADER | |
|---|---|
| fixed length control field | 00961cam a2200217 4500 |
| 001 - CONTROL NUMBER | |
| control field | ABS66638 |
| 008 - FIXED-LENGTH DATA ELEMENTS--GENERAL INFORMATION | |
| fixed length control field | 030429n2003 000 0 eng u |
| 035 ## - SYSTEM CONTROL NUMBER | |
| System control number | (Sirsi) u122130 |
| 100 ## - MAIN ENTRY--PERSONAL NAME | |
| Personal name | Simpson, T. |
| 245 ## - TITLE STATEMENT | |
| Title | Extreme order-of-magnitude estimating |
| 260 ## - PUBLICATION, DISTRIBUTION, ETC. | |
| Date of publication, distribution, etc. | 2003 |
| 490 ## - SERIES STATEMENT | |
| Series statement | Cost Engineer |
| Volume/sequential designation | 41(2) March 2003, 14-16(3) |
| 520 ## - SUMMARY, ETC. | |
| Summary, etc. | Gives a definition of order-of-magnitude estimating as a quick method of determining an approximate probable cost of a project without the benefit of detailed scope definition. Describes the obstacles that were encountered and overcome at the deactivisation of process facilities at the US Department of Energy's Oak Ridge Y-12 plant. This model proved there was a less than 10% variance between estimated and actual costs. |
| 590 ## - LOCAL NOTE (RLIN) | |
| Local note | ABS |
| 650 ## - SUBJECT ADDED ENTRY--TOPICAL TERM | |
| Topical term or geographic name entry element | COSTS |
| 650 ## - SUBJECT ADDED ENTRY--TOPICAL TERM | |
| Topical term or geographic name entry element | ESTIMATING |
| 650 ## - SUBJECT ADDED ENTRY--TOPICAL TERM | |
| Topical term or geographic name entry element | ORDER-OF-MAGNITUDE ESTIMATING |
| 650 ## - SUBJECT ADDED ENTRY--TOPICAL TERM | |
| Topical term or geographic name entry element | VARIANCE |
| 690 ## - LOCAL SUBJECT ADDED ENTRY--TOPICAL TERM (OCLC, RLIN) | |
| Topical term or geographic name as entry element | Quantity surveying |
| 9 (RLIN) | 6263 |
| 942 ## - ADDED ENTRY ELEMENTS (KOHA) | |
| Suppress in OPAC | 0 |
| Withdrawn status | Lost status | Source of classification or shelving scheme | Damaged status | Not for loan | Home library | Current library | Shelving location | Date acquired | Total Checkouts | Full call number | Barcode | Date last seen | Copy number | Price effective from | Koha item type |
|---|---|---|---|---|---|---|---|---|---|---|---|---|---|---|---|
| Dewey Decimal Classification | London | London | Journal article | 29/04/2003 | ABS66638 | 122130-1001 | 06/08/2019 | 1 | 06/08/2019 | Journal article |